| 000 | 00748nam a2200301Ia 4500 | ||
|---|---|---|---|
| 008 | 170711s9999 xx 000 0 und d | ||
| 020 | _a805040871 | ||
| 050 | _a364.15 | ||
| 050 | _bA917 1998 | ||
| 100 | _aAuerbach, Ann Hagedorn | ||
| 245 | _aRansom : | ||
| 245 | _bthe untold story of international kidnapping / | ||
| 245 | _cby Ann Hagedorn Auerbach. | ||
| 250 | _aFirst edition | ||
| 260 | _aCanada : | ||
| 260 | _bOwl Books, | ||
| 260 | _c1998 | ||
| 300 | _a481 pages : | ||
| 300 | _billustrations ; | ||
| 300 | _c22cm. | ||
| 500 | _aIncludes index. | ||
| 650 | _aHostages. | ||
| 650 | _aInternational offences. | ||
| 650 | _aKidnapping. | ||
| 650 | _aTravelers -- | ||
| 650 | _xCrime against. | ||
| 700 | _aTite. | ||
| 999 |
_c339932 _d339932 |
||